Estudio del impuesto sobre la renta y del impuesto empresarial a tasa n︢ica Personas morales /

Detalles Bibliográficos
Autor principal: Přez Chavez, Još
Otros Autores: Fol Olguin, Raymundo
Formato: Desconocido
Lenguaje:español
Publicado: Mx̌ico : Tax ed, 2010
Materias:
Acceso en línea:Acceso restringido

MARC

LEADER 00000ny a22000003n 4500
005 20110627105131.0
008 101118s2010 mx 000 spa d
022 |a 9786074401417  
035 |a 5065 
040 |a BUS  |d vLex 
090 |c 1118  |d 1118 
100 1 |a Přez Chavez, Još 
245 1 0 |a Estudio del impuesto sobre la renta y del impuesto empresarial a tasa n︢ica  |h [Recurso electrn̤ico]  |b Personas morales /  |c Jos ̌Přez Chavez ; Raymundo Fol Olguin  
256 |a Servicio en ln̕ea 
260 |a Mx̌ico :  |b Tax ed,  |c 2010 
506 1 |a Contenido solo disponible en los productos indicados  |d vLex Global  |d vLex Global (Academic Edition, excluding Law Schools)  |d vLex Global (U.S. Academic Edition, Law Schools)  |d vLex Global (U.S. Academic Edition, excluding Law Schools)  |d vLex Global (Academic Edition, Law Schools) 
650 0 |a Impuesto  
700 1 |a Fol Olguin, Raymundo 
740 0 |a vLex Libros (Servicios en ln̕ea) 
856 4 0 |z Acceso restringido  |u http://vlex.com/source/5065 
942 |c BOOK